000 00428nam a22001697a 4500
003 SGT
020 _a9789395736442
082 _a617.3
_bN25N
100 _aNATARAJAN, MAYIL VAHANAN
245 _aMTARAJAN'S TB. OF ORTHOPAEDICS TRAUMATOLOGY
250 _a9TH
260 _aINDIA
_bWOLTERS KLUWER
_c2024
300 _a406
650 _aORTHOPEADICS
653 _aMTARAJAN'S TB. OF ORTHOPAEDICS TRAUMATOLOGY
942 _2ddc
_cBK
999 _c31021
_d31021